000 00756cam a22002411 4500
001 12046
003 BD-RjUL
005 20211208235227.0
008 140128s1962 mau 000 0 eng
035 _a(BD-RjUL)12095
040 _aDLC/ICU
_cICU
_dDLC
_beng
041 _aeng
082 0 0 _a574.082
_bFOR 1962
110 2 _aVoice of America (Organization)
_937335
245 1 0 _aFrontiers of modern biology :
_btwenty lectures originally broadcast over the Voice of America./
_cCoordinated by Gairdner B. Moment.
260 _aBoston :
_bHoughton Mifflin ,
_c1962
300 _a192 p.
_c21 cm.
650 0 _aBiology.
_937333
700 1 _aMoment, Gairdner Boswick,
_d1905-
_eed.
_937334
942 _2ddc
_cBK
999 _c12046
_d12046